Nhóm con giải được trong vành chia Quaternions thực : Luận văn Thạc sĩ chuyên ngành Đại số và lý thuyết số

Saved in:
Bibliographic Details
Main Author: Đỗ, Văn Mẫn
Format: Book
Language:Undetermined
Published: Cần Thơ,Cần Thơ Trường Đại học Cần Thơ,Trường Đại học Cần Thơ 2010,2010
Subjects:
Tags: Add Tag
No Tags, Be the first to tag this record!
Institutions: Trung tâm Học liệu Trường Đại học Cần Thơ
LEADER 00796nam a2200205Ia 4500
001 CTU_162456
008 210402s9999 xx 000 0 und d
082 |a 512.3 
082 |b M121 
088 |a 60460104 
100 |a Đỗ, Văn Mẫn 
245 0 |a Nhóm con giải được trong vành chia Quaternions thực : 
245 0 |b Luận văn Thạc sĩ chuyên ngành Đại số và lý thuyết số 
245 0 |c Đỗ Văn Mẫn ; Bùi Xuân Hải (Hướng dẫn khoa học) 
260 |a Cần Thơ,Cần Thơ 
260 |b Trường Đại học Cần Thơ,Trường Đại học Cần Thơ 
260 |c 2010,2010 
650 |a Vành chia 
904 |i HLoan, Hải 
980 |a Trung tâm Học liệu Trường Đại học Cần Thơ